000 00895nam a2200349Ia 4500
001 978
005 20240113233438.0
007 ta
008 050128s1957 a g b000 u eng u
020 _cHB
040 _aCotton College,Assam
041 _aeng
082 _a294
_bDa 26 Na
100 _aDas, Haramohan .
245 0 _aNamghosha /
_cHaramohan Das.
_hTextual Documents
250 _a1st ed. /
260 _aMathura :
_bThe Vaishnava Theological University ,
_c1957.
300 _a460p. :
_bill. ;
_c23cm .
500 _a300/Ref/Ass
504 _aIndex
653 _aNamghosha
653 _aReligious Literature-Namghosha
653 _aAssamese-Religion
653 _aReligion-Namghosha
653 _aReference-Assamese
653 _aMS-Assamese
942 _2ddc
_cBK
999 _c976
_d976